000 00676nam a2200193Ia 4500
005 20250508161526.0
008 008 250505s9999 xx 000 0 eng d
037 _aBooks to be hide in OPAC
040 _aFEDL
_beng
_cFEDL
041 _aeng
_2eng
084 _a373, MET
_qFEDL
100 _aMoore Leslie
_9770834
245 0 _aConsumer vies the secondary school program
260 _aNew York, USA
_bMetropolitan School Study Council
_c1953
300 _aiv,9p.
546 _aThis is the first of a series of leaflets reporting the work of the secondary school curriculum committee on the general topic
942 _cHB
_h373, MET
999 _c1370528
_d1370528